| 000 | 00431nam a2200157 i 4500 | ||
|---|---|---|---|
| 001 | 95930 | ||
| 003 | ES-MaACL | ||
| 007 | t| | ||
| 008 | 050608s1949 mx ||||1| spa d | ||
| 100 | 1 |
_aMacau, Miguel Angel. _975060 |
|
| 245 | 1 | 0 |
_aRitmos del ideal _b: paz perdida / _cMiguel Angel Macau. |
| 250 | _a3ª ed. | ||
| 260 |
_aMéxico : _bB. Costa Amic, _c1949. |
||
| 300 |
_a146 p. ; _c18 cm. |
||
| 852 |
_aES-MaACL _jB-7391 _bR.29107 |
||
| 999 |
_c95930 _d95930 |
||